Materials

Bibliographic Details
Format: Book
Published: Kuala Lumpur : Penerbitan Gema Insan , 2006
Series:Understanding science series
Subjects:

MARC

LEADER 00000cam a2200000 7i4500
001 0000000370
005 20151222.0
008 070702
020 |a 9835701407 
090 0 0 |a SC   |b ENG 
245 0 0 |a Materials 
260 |a Kuala Lumpur :   |b Penerbitan Gema Insan ,   |c 2006 
440 |a Understanding science series 
500 |a Children ages 10-12 years old (pink) 
650 0 |a Junior fiction   |x Malay   |x Languages 
650 0 |a Science 
999 |a 0000954749   |b Book   |c Children Collection   |e Perbadanan Perpustakaan Awam Johor 
999 |a 0000954753   |b Book   |c Children Collection   |e Perbadanan Perpustakaan Awam Johor